The collaborative public manager (Record no. 57779)
[ view plain ]
| 000 -LEADER | |
|---|---|
| fixed length control field | 01571nam a22003734a 4500 |
| 082 04 - DEWEY DECIMAL CLASSIFICATION NUMBER | |
| Classification number | 351.973 |
| 245 04 - TITLE STATEMENT | |
| Title | The collaborative public manager |
| 260 ## - PUBLICATION, DISTRIBUTION, ETC. (IMPRINT) | |
| Place of publication | Washington, D.C. : |
| Name of publisher | Georgetown University Press, |
| Year of publication | c2009. |
| 300 ## - PHYSICAL DESCRIPTION | |
| Number of Pages | xii, 320 p. : |
| Other physical details | ill. |
| 490 1# - SERIES STATEMENT | |
| Series statement | Public management and change series |
| 650 #0 - SUBJECT ADDED ENTRY--TOPICAL TERM | |
| Topical Term | Public administration |
| Topical Term | Intergovernmental cooperation |
| Topical Term | Public-private sector cooperation |
| 700 1# - ADDED ENTRY--PERSONAL NAME | |
| Personal name | O'Leary, Rosemary, |
| Personal name | Bingham, Lisa |
| 856 40 - ELECTRONIC LOCATION AND ACCESS | |
| Uniform Resource Identifier | http://site.ebrary.com/lib/rucke/Doc?id=10314001 |
No items available.
